Normal view
MARC view
- NUTRITION-GENETIC ASPECTS.DNA DAMAGE-PREVENTION.DIET IN DISEASE
Entry Topical Term
001 - CONTROL NUMBER
- control field: 65757
003 - CONTROL NUMBER IDENTIFIER
- control field: NUST
005 - DATE AND TIME OF LATEST TRANSACTION
- control field: 20210628203503.0
008 - FIXED-LENGTH DATA ELEMENTS
- fixed length control field: 210628|| aca||aabn | a|a d
040 ## - CATALOGING SOURCE
- Original cataloging agency: NUST
- Transcribing agency: NUST
150 ## - HEADING--TOPICAL TERM
- Topical term or geographic name entry element: NUTRITION-GENETIC ASPECTS.DNA DAMAGE-PREVENTION.DIET IN DISEASE
670 ## - SOURCE DATA FOUND
- Source citation: Work cat.: (NUST): Challem, Jack 65756, Feed your genes right, eat to turn off disease causing genes and slow down aging, 2005
